00354nam a2200121 a 45000010005000000030005000050050017000100080041000270400020000682450093000882600018001814900033001995749CDMR20130116135313.0130130s ||||||||||||||||||||||||||||d aCDMRbcatcCDMR 0aSoci-economic and communication indicators in development planningba case study of Iran aParisbUnesco0 aCommunication and societyv5